Devinettes I : Jokes de papas level - Statistiques

Statistiques générales
  • Ce quiz a été pris 438 fois
  • Le résultat moyen est 3 sur 10
Statistiques - réponses
Devinettes Réponses % Correct
La mère de Zoé a 3 filles, Chloé, Claire et...? Zoé
88%
Qu'est-ce qui tue et qui tord ? La tortue
71%
Comment est-ce que les abeilles communiquent entre-elles ? Par e-miel
41%
Qu'est-ce qui est jaune et qui court vite ? Un citron pressé
34%
Qu'est-ce qu'un chou dans une baignoire ? Un chou-marin
13%
Qu'est-ce qu'un téléphone sur une scène de meurtre ? Le mobile du crime
7%
Que font des dinosaures qui ne savent pas se décider ? Un tirajosaure
6%
Que disent 2 crocodiles quand ils voient passer une crocodelle ? On Lacoste
4%
Qu'est-ce qu'un chou dans une baignoire avec des abeilles Un chou-marin ruche
3%
Qu'est-ce qu'une voyante qui lit dans le sucre en poudre ? Une extra-glucide
2%
Aucun quiz correspondant
Distribution des résultats
% des personnes avec chaque résultat
Percentile par nombre de réponses
Votre historique - résultats
Vous n’avez pas pris ce quiz